000 00389nam a2200157Ia 4500
003 Ost
005 20260225132552.0
008 260225s9999||||xx |||||||||||||| ||und||
040 _cfsic
041 _afre
082 _a321.7
100 _aA-Benachenhou
_eAuteur
245 0 _aL'experience Algérienne de planification et de developpement /
245 0 _cA-Benachenhou
942 _cكتاب
999 _c34188
_d34188